000 00626nam a2200205Ia 4500
003 GCL
008 140319s9999 xx 000 0 ara d
040 _aGCL /
_cGCL
082 0 4 _a811.0093
_bا ق
100 1 _aالعربى حسن درويش
245 1 0 _aقضية الحب العذرى فى شعر بنى امية /
_cالعربى حسن درويش
260 _a[S.N] :
_bمكتبة النهضة المصرية
300 _a218 ص
490 _a
650 0 4 _aالشعر العربى
650 0 4 _aالادب العربى
650 0 4 _aالشعر الغزلى
650 0 4 _aتاريخ ونقد
942 _2ddc
_cBK
999 _c30477
_d30477